000 00578nam a2200229Ia 4500
003 OSt
005 20220928140516.0
006 a|||||r|||| 00| 0
007 ta
008 220927b |||||||| |||| 00| 0 eng d
024 _a9086
037 _cTextual
040 _aSDCL
_cSDCL
_beng
041 _2eng
_aeng
082 _aD6,8(B289), N6
100 _aSebesta Robert W Ed.
_9495610
245 0 _aConcepts of programming languages
250 _a3
260 _c1996
942 _hD6,8(B289), N6
_cTEXL
_2CC
999 _c811834
_d811834